| 000 | 01119nam0a22003131 4500 | ||
|---|---|---|---|
| 001 | rc\2236391 | ||
| 005 | 20250623095225.0 | ||
| 035 | _a(NLR Aleph) 006710378 | ||
| 090 |
_a5336528 _c5336528 |
||
| 100 | _a20110829d1978 |||y0rusy50 ca | ||
| 101 | 0 | _arus | |
| 102 | _aRU | ||
| 105 | _ay z ||||| | ||
| 200 | 1 |
_aАльбом наглядных пособий по курсу "Государственный бюджет СССР" _e[Для фин. техникумов] _fСост. Ю.Л. Цитлионок, П.В. Лебедев |
|
| 210 |
_aМосква _cФинансы _d1978 |
||
| 215 |
_a144 с. _d21х26 |
||
| 606 |
_aБюджет СССР _jУчебно-наглядные пособия _2psbo |
||
| 700 | 1 |
_aЦитлионок _bЮ.Л. _gЮрий Лазаревич |
|
| 701 | 1 |
_aЛебедев _bП.В. |
|
| 801 | 0 |
_aRU _bNLR _gpsbo |
|
| 801 | 1 |
_aRU _bELAR _2rusmarc |
|
| 852 |
_aNLR _j78-7/1388 |
||
| 899 |
_aRuMoRGB _jБ Фоп-32/171 |
||
| 899 |
_aRuMoRGB _jБ Фоп-32/172 |
||
| 899 |
_aRuMoRGB _jБ Фоп-32/171 |
||
| 899 |
_aRuMoRGB _jБ Фоп-32/172 |
||
| 942 | _cBOOK | ||
| 980 | _aNB | ||